Procedure Manual Community Health Nursing for B.Sc Nursing/ (Record no. 1050)

MARC details
000 -LEADER
Fixed length control field 00480nam a2200169Ia 4500
003 - CONTROL NUMBER IDENTIFIER
Control field IIN
005 - DATE AND TIME OF LATEST TRANSACTION
Control field 20250519122927.0
008 - FIXED-LENGTH DATA ELEMENTS--GENERAL INFORMATION
Fixed length control field 231217s2020 xx ad 000 0 eng d
040 ## - CATALOGING SOURCE
Original cataloging agency IIN
Language of cataloging English
082 ## - DEWEY DECIMAL CLASSIFICATION NUMBER
Classification number 610.7343
Book Number MAN
100 1# - MAIN ENTRY--PERSONAL NAME
Personal name Manivannan, Shyamala D.
245 1# - TITLE STATEMENT
Title Procedure Manual Community Health Nursing for B.Sc Nursing/
Statement of responsibility Shyamala D. Manivannan
260 ## - IMPRINT
Name of publisher CBS
Place of publication New Delhi
Date of publication 2022
300 ## - PHYSICAL DESCRIPTION
Page / Vol. No 67 p.
Other physical details ill.
650 1# - SUBJECT ADDED ENTRY--TOPICAL TERM
Topical term Community Health Nursing
942 ## - ADDED ENTRY ELEMENTS (KOHA)
Koha item type Books
Holdings
Withdrawn status Lost status Damaged status Not for loan Collection code Home library Current library Date acquired Price Total Checkouts Call number Accession number Date last seen Copy number Price effective from Koha item type Source of classification Shelving location
          IDEAL INSTITUTE OF NURSING IDEAL INSTITUTE OF NURSING 17/12/2023 750.00   610.7343 MAN 1044 17/12/2023 Manual book 17/12/2023 Books    
          IDEAL INSTITUTE OF NURSING IDEAL INSTITUTE OF NURSING 17/12/2023 750.00   610.7343 MAN 1045 17/12/2023 Manual book 17/12/2023 Books    
          IDEAL INSTITUTE OF NURSING IDEAL INSTITUTE OF NURSING 17/12/2023 750.00   610.7343 MAN 1046 17/12/2023 Manual book 17/12/2023 Books    
        Purches Book IDEAL INSTITUTE OF NURSING IDEAL INSTITUTE OF NURSING 11/03/2025     610.7343 MAN 2027 19/05/2025   19/05/2025 Books Dewey Decimal Classification General Stacks
        Purches Book IDEAL INSTITUTE OF NURSING IDEAL INSTITUTE OF NURSING 11/03/2025     610.7343 MAN 2028 19/05/2025   19/05/2025 Books Dewey Decimal Classification General Stacks
        Purches Book IDEAL INSTITUTE OF NURSING IDEAL INSTITUTE OF NURSING 11/03/2025     610.7343 MAN 2029 19/05/2025   19/05/2025 Books Dewey Decimal Classification General Stacks
© Ideal Institute Of Nursing, All rights reserved.         Powered by Koha